A megtorlás Szegeden
Elmentve itt :
| Szerző: | |
|---|---|
| Dokumentumtípus: | Könyv része |
| Megjelent: |
2007
|
| Sorozat: | Belvedere Meridionale kiskönyvtár
17 Az 1956-os szabadságharc és utóélete : 1956-1990 17 |
| Kulcsszavak: | Forradalom - Szeged - 1956, Szeged története - 1956 |
| Tárgyszavak: | |
| Online Access: | http://acta.bibl.u-szeged.hu/5493 |
| LEADER | 00790naa a2200217 i 4500 | ||
|---|---|---|---|
| 001 | acta5493 | ||
| 005 | 20211201150332.0 | ||
| 008 | 161015s2007 hu o 0|| hun d | ||
| 022 | |a 1217-3495 | ||
| 040 | |a SZTE Egyetemi Kiadványok Repozitórium |b hun | ||
| 041 | |a hun | ||
| 100 | 1 | |a Bálint László | |
| 245 | 1 | 2 | |a A megtorlás Szegeden |h [elektronikus dokumentum] / |c Bálint László |
| 260 | |c 2007 | ||
| 300 | |a 9-18 | ||
| 490 | 0 | |a Belvedere Meridionale kiskönyvtár |v 17 | |
| 490 | 0 | |a Az 1956-os szabadságharc és utóélete : 1956-1990 |v 17 | |
| 650 | 4 | |a Bölcsészettudományok | |
| 650 | 4 | |a Történettudomány és régészet | |
| 695 | |a Forradalom - Szeged - 1956, Szeged története - 1956 | ||
| 856 | 4 | 0 | |u http://acta.bibl.u-szeged.hu/5493/1/belvedere_kk_017_009-018.pdf |z Dokumentum-elérés |